Trenerzy piłki nożnej na literę A - Statystyki

Ogólne statystyki
  • Ten quiz został rozwiązany 38 razy
  • Średni wynik to 5 z 9
Statystyki odpowiedzi
Prowadzone zespoły Odpowiedź % Poprawnych
AC Milan 2001-2009 Chelsea 2009-2011 PSG 2011-2013 Real Madryt 2013-2015, 2021-2025 Carlo Ancelotti
100%
Bayer Leverkusen 2022-2025 Real Madryt 2025- Xabi Alonso
91%
Arsenal 2019- Mikel Arteta
89%
Sporting Lizbona 2020-2024 Manchester United 2024- Ruben Amorim
83%
AC Milan 2010-2014 Juventus 2014-2019 Massimiliano Allegri
74%
Śląsk Wrocław 1984-1988 Lech Poznań 1991-1993 Polska 1993-1995 Henryk Apostel
34%
Holandia 1992-1994 PSV Eindhoven 1994-1998 Glasgow Rangers 1998-2001 Dick Advocaat
26%
Valencia 1995-1997 Atletico Madryt 2001-2003 Hiszpania 2004-2008 Luis Aragones
17%
Stany Zjednoczone 1998-2006 Bruce Arena
11%
Nie znaleziono quizów pasujących do podanych kryteriów
Rozkład punktacji
Procent ludzi z każdym wynikiem
Percentyl według liczby udzielonych odpowiedzi
Twoja historia wyników
Nie rozwiązałeś tego quizu